| 000 | 00718nam a22002537a 4500 | ||
|---|---|---|---|
| 003 | LK-CoDNM | ||
| 005 | 20241003094443.0 | ||
| 008 | 241003b |||||||| |||| 00| 0 eng d | ||
| 040 |
_aLK-CoDNM _dLK-CoDNM _eLK-CoDNM |
||
| 041 | _aeng | ||
| 080 |
_a104 _bNN42 |
||
| 100 | _aShastri, Hirananda. | ||
| 245 | _aMemories of the Archaeological survey of India | ||
| 250 | _aThe Baghela dynasty of Rewah | ||
| 260 |
_aCalcutta _bGovernment printer _c1925 |
||
| 300 | _biii, 13p. : ill ; 30 cm | ||
| 500 | _aNo.21 | ||
| 650 | _aMemories of the Archaeological survey of India | ||
| 650 | _aShastri, Hirananda. | ||
| 650 | _aThe Baghela dynasty of Rewah | ||
| 650 | _aNo.21 | ||
| 650 | _a104 NN42 | ||
| 942 | _cBK | ||
| 999 |
_c217440 _d217440 |
||